000 01060nam0a22002651 4500
001 rc\332867
005 20250621041458.0
035 _a(NLR Aleph) 005568082
090 _a5982552
_c5982552
100 _a20030307d1989 |||y0rusy50 ca
101 0 _arus
102 _aRU
105 _aa |||||||||
200 1 _aСпин-переориентационные переходы в ромбических антиферримагнетиках с взаимодействием Дзялошинского в магнитном поле. Двухподрешеточная модель
210 _aДонецк
_cОНТИ ДонФТИ
_d1989
215 _a37 с.
_cил.
_d20
225 1 _aПрепринт
_fАН УССР, Донец. физ.-техн. ин-т
_vДонФТИ-89-59
300 _aРез. на англ. яз.
320 _aБиблиогр.: с. 34-37
700 1 _aБогданов
_bА.Н.
_gАлексей Николаевич
801 0 _aRU
_bNLR
_gpsbo
801 1 _aRU
_bELAR
_2rusmarc
852 _aNLR
_j90-4/4546
942 _cBOOK
980 _aNB